Aplikácia technológie 3D tlače v podnikoch pre udržateľnú budúcnosť diplomová práca

Uložené v:
Podrobná bibliografia
Hlavný autor: Kaprinay, Daniel
Korporativný autor: Fakulta podnikového manažmentu EU. Katedra podnikovohospodárska
Ďalší autori: Lešková, Radka, 1996-
Médium: Kniha
Jazyk:Slovak
Vydavateľské údaje: Bratislava 2025
Tagy: Pridať tag
Žiadne tagy, Buďte prvý, kto otaguje tento záznam!

MARC

LEADER 00000nbm a2200000 4500
001 0310081
005 20260323111051.0
041 0 |a slo 
044 |a SK 
245 1 0 |a Aplikácia technológie 3D tlače v podnikoch pre udržateľnú budúcnosť  |b diplomová práca  |c Daniel Kaprinay ; školiteľ: Radka Lešková 
264 1 |a Bratislava  |c 2025 
300 |a 86 s. 
100 1 |a Kaprinay, Daniel 
700 1 |a Lešková, Radka, 1996- 
710 2 |a Fakulta podnikového manažmentu EU. Katedra podnikovohospodárska